Az Online adatszolgáltatási rendszer 2018-as átalakulása, nehézségei, és a benne rejlő üzleti lehetőség

Bibliographic Details
Main Author: Agárdy Máté László
Other Authors: Kovács Dr. Endre
Sík Richard
Format: Thesis
Kulcsszavak:Online adatszolgáltatás
VATOnline
Feketegazdaság
Online Access:http://dolgozattar.uni-bge.hu/19717

MARC

LEADER 00000nta a2200000 i 4500
001 dolg19717
005 20181217115347.0
008 181217suuuu hu om 000 hun d
040 |a BGE Dolgozattár Repozitórium  |b hun 
041 |a hu 
100 1 |a Agárdy Máté László 
245 1 3 |a Az Online adatszolgáltatási rendszer 2018-as átalakulása, nehézségei, és a benne rejlő üzleti lehetőség  |c Agárdy Máté László  |h [elektronikus dokumentum] 
695 |a Online adatszolgáltatás 
695 |a VATOnline 
695 |a Feketegazdaság 
700 1 |a Kovács Dr. Endre  |e ths 
700 1 |a Sík Richard  |e ths 
856 4 0 |u http://dolgozattar.uni-bge.hu/19717/1/Ag%C3%A1rdy_M%C3%A1t%C3%A9.pdf  |z Dokumentum-elérés 
856 4 0 |u http://dolgozattar.uni-bge.hu/19717/2/Xerox%20Scan_17122018100326.pdf  |z Dokumentum-elérés